Fundamentals of Physics (Record no. 331412)

000 -LEADER
fixed length control field 00589 a2200157 4500
003 - CONTROL NUMBER IDENTIFIER
control field NUST
005 - DATE AND TIME OF LATEST TRANSACTION
control field 20170927104207.0
008 - FIXED-LENGTH DATA ELEMENTS--GENERAL INFORMATION
fixed length control field 170927b xxu||||| |||| 00| 0 eng d
020 ## - INTERNATIONAL STANDARD BOOK NUMBER
International Standard Book Number 812650823X
040 ## - CATALOGING SOURCE
Transcribing agency 0
082 ## - DEWEY DECIMAL CLASSIFICATION NUMBER
Classification number 530 HAL
100 ## - MAIN ENTRY--PERSONAL NAME
Personal name Halliday,David
9 (RLIN) 5033
245 ## - TITLE STATEMENT
Title Fundamentals of Physics
Statement of responsibility, etc. David Halliday, Robert Resnick, Jearl walker .
250 ## - EDITION STATEMENT
Edition statement 6th. ed.
260 ## - PUBLICATION, DISTRIBUTION, ETC.
Place of publication, distribution, etc. India
Name of publisher, distributor, etc. John Wiley
Date of publication, distribution, etc. 2007
300 ## - PHYSICAL DESCRIPTION
Extent xxiv, 1144+p. :
Other physical details ill. ;
Dimensions 25 cm.
500 ## - GENERAL NOTE
General note P.B
650 ## - SUBJECT ADDED ENTRY--TOPICAL TERM
Topical term or geographic name entry element Physics
9 (RLIN) 190
942 ## - ADDED ENTRY ELEMENTS (KOHA)
Source of classification or shelving scheme
Koha item type Book
Call number prefix IESE
Holdings
Withdrawn status Lost status Source of classification or shelving scheme Damaged status Not for loan Collection code Permanent Location Current Location Shelving location Date acquired Total Checkouts Full call number Barcode Date last seen Price effective from Koha item type Date last checked out
            Institute of Environmental Science and Engineering (IESE) Institute of Environmental Science and Engineering (IESE) Text Books 09/27/2017   530 HAL IESE-1767 09/27/2017 09/27/2017 Book  
            Institute of Environmental Science and Engineering (IESE) Institute of Environmental Science and Engineering (IESE) Text Books 09/27/2017   530 HAL IESE-1768 09/27/2017 09/27/2017 Book  
            Institute of Environmental Science and Engineering (IESE) Institute of Environmental Science and Engineering (IESE) Text Books 09/27/2017   530 HAL IESE-1770 09/27/2017 09/27/2017 Book  
            Institute of Environmental Science and Engineering (IESE) Institute of Environmental Science and Engineering (IESE) Text Books 09/27/2017   530 HAL IESE-1771 09/27/2017 09/27/2017 Book  
            Institute of Environmental Science and Engineering (IESE) Institute of Environmental Science and Engineering (IESE) Text Books 09/27/2017   530 HAL IESE-1772 09/27/2017 09/27/2017 Book  
            Institute of Environmental Science and Engineering (IESE) Institute of Environmental Science and Engineering (IESE) Text Books 09/27/2017   530 HAL IESE-1773 09/27/2017 09/27/2017 Book  
            Institute of Environmental Science and Engineering (IESE) Institute of Environmental Science and Engineering (IESE) Text Books 09/27/2017   530 HAL IESE-1774 09/27/2017 09/27/2017 Book  
            Institute of Environmental Science and Engineering (IESE) Institute of Environmental Science and Engineering (IESE) General Stacks 09/27/2017 2 530 HAL IESE-1775 01/03/2020 09/27/2017 Book 12/23/2019
            Institute of Environmental Science and Engineering (IESE) Institute of Environmental Science and Engineering (IESE) Text Books 01/19/2018   530 HAL IESE-1769 01/19/2018 01/19/2018 Text Books  
© 2023 Central Library, National University of Sciences and Technology. All Rights Reserved.